000 00460nam a2200145Ia 4500
008 211109s9999||||xx |||||||||||||| ||und||
082 _a894.812 09
_bBAL-E
100 _aBalakrishnan, P K
245 0 _aEzhuthchante Kala
260 _bNavadhara Publications
_aThiruvananthapuram
_c1982
300 _a170p
630 _xGeneral Stack
650 _aMalayalam Literature
_vMalayalam Literature History
_xMalayalam Description and CriticismGeneralia
942 _cBOOK
999 _c91558
_d91558